UBT Library

Guidelines for the care and use of mammals in neuroscience and behavioral research / (Record no. 42848)

000 -LEADER
fixed length control field 00918cam a22002534a 4500
001 - CONTROL NUMBER
control field 13205480
005 - DATE AND TIME OF LATEST TRANSACTION
control field 20180216094013.0
008 - FIXED-LENGTH DATA ELEMENTS--GENERAL INFORMATION
fixed length control field 030520s2003 dcu 000 0 eng
010 ## - LIBRARY OF CONGRESS CONTROL NUMBER
LC control number 2003011672
020 ## - INTERNATIONAL STANDARD BOOK NUMBER
International Standard Book Number 0309089034 (pbk.)
020 ## - INTERNATIONAL STANDARD BOOK NUMBER
International Standard Book Number 0309505879 (PDF)
040 ## - CATALOGING SOURCE
Original cataloging agency DLC
Transcribing agency DLC
Modifying agency DLC
041 ## - LANGUAGE CODE
Language code of text/sound track or separate title eng
042 ## - AUTHENTICATION CODE
Authentication code pcc
080 ## - UNIVERSAL DECIMAL CLASSIFICATION NUMBER
Universal Decimal Classification number 616.80427 WAS
082 00 - DEWEY DECIMAL CLASSIFICATION NUMBER
Classification number 616.80427 WAS
Edition number 21
100 ## - Rafti
Rafti 7
101 ## - Shkurtesa
Shkurtesa NEU
245 00 - TITLE STATEMENT
Title Guidelines for the care and use of mammals in neuroscience and behavioral research /
Statement of responsibility, etc Committee on Guidelines for the Use of Animals in Neuroscience and Behavioral Research.
504 ## - BIBLIOGRAPHY, ETC. NOTE
Bibliography, etc Includes bibliographical references (p. 150-174) and index.
906 ## - LOCAL DATA ELEMENT F, LDF (RLIN)
a 7
b cbc
c orignew
d 1
e ecip
f 20
g y-gencatlg
942 ## - ADDED ENTRY ELEMENTS (KOHA)
Source of classification or shelving scheme
Item type Books
Holdings
Withdrawn status Lost status Source of classification or shelving scheme Damaged status Not for loan Collection code Permanent location Current location Shelving location Date acquired Total Checkouts Full call number Barcode Date last seen Price effective from Koha item type
          Koleksioni i përgjithshem UBT - Lipjan UBT - Lipjan Koleksioni i përgjithshem 02/16/2018   616.80427 WAS 002-2998355 02/16/2018 02/16/2018 Books
UBT Library © 2015-2024. All rights reserved University Education for Business and Technology